International law and sexual violence in armed conflicts / (Record no. 14260)

000 -LEADER
fixed length control field 01107cam a2200325 a 4500
001 - CONTROL NUMBER
control field 17340674
005 - DATE AND TIME OF LATEST TRANSACTION
control field 20170105102851.0
008 - FIXED-LENGTH DATA ELEMENTS--GENERAL INFORMATION
fixed length control field 120611s2012 ne b 001 0 eng
010 ## - LIBRARY OF CONGRESS CONTROL NUMBER
LC control number 2012023807
020 ## - INTERNATIONAL STANDARD BOOK NUMBER
International Standard Book Number 9789004202627 (hbk. : alk. paper)
020 ## - INTERNATIONAL STANDARD BOOK NUMBER
International Standard Book Number 9789004227224 (ebook)
040 ## - CATALOGING SOURCE
Original cataloging agency DLC
Transcribing agency DLC
Modifying agency DLC
042 ## - AUTHENTICATION CODE
Authentication code pcc
050 00 - LIBRARY OF CONGRESS CALL NUMBER
Classification number KZ7162
Item number .E26 2012
082 00 - DEWEY DECIMAL CLASSIFICATION NUMBER
Classification number 341.6/9
Edition number 23
100 1# - MAIN ENTRY--PERSONAL NAME
Personal name Eboe-Osuji, Chile.
245 10 - TITLE STATEMENT
Title International law and sexual violence in armed conflicts /
Statement of responsibility, etc. by Chile Eboe-Osuji.
260 ## - PUBLICATION, DISTRIBUTION, ETC.
Place of publication, distribution, etc. Leiden ;
-- Boston :
Name of publisher, distributor, etc. M. Nijhoff Publishers,
Date of publication, distribution, etc. 2012.
300 ## - PHYSICAL DESCRIPTION
Extent xvii, 354 p. ;
Dimensions 25 cm.
490 0# - SERIES STATEMENT
Series statement International humanitarian law series ;
Volume/sequential designation 35
504 ## - BIBLIOGRAPHY, ETC. NOTE
Bibliography, etc. note Includes bibliographical references (p. [321]-343) and index.
650 #0 - SUBJECT ADDED ENTRY--TOPICAL TERM
Topical term or geographic name entry element Rape as a weapon of war.
650 #0 - SUBJECT ADDED ENTRY--TOPICAL TERM
Topical term or geographic name entry element War crimes.
650 #0 - SUBJECT ADDED ENTRY--TOPICAL TERM
Topical term or geographic name entry element War (International law)
650 #0 - SUBJECT ADDED ENTRY--TOPICAL TERM
Topical term or geographic name entry element Rape.
650 #0 - SUBJECT ADDED ENTRY--TOPICAL TERM
Topical term or geographic name entry element International criminal law.
906 ## - LOCAL DATA ELEMENT F, LDF (RLIN)
a 7
b cbc
c pccadap
d 1
e ecip
f 20
g y-gencatlg
942 ## - ADDED ENTRY ELEMENTS (KOHA)
Source of classification or shelving scheme
Koha item type Book
Holdings
Withdrawn status Lost status Damaged status Not for loan Collection code Permanent Location Current Location Shelving location Date acquired Total Checkouts Full call number Barcode Date last seen Price effective from Koha item type
          Centre for International Peace & Stability (CIPS) Centre for International Peace & Stability (CIPS) General Stacks 08/13/2013   341.69 EBO 2012 CIPS0000434 08/21/2013 08/21/2013 Book
© 2023 Central Library, National University of Sciences and Technology. All Rights Reserved.